• 首页
  • 本馆介绍
  • 公告通知
  • 最新文献
  • 馆藏检索
  • 电子资源
  • 读者导购
  • 参考咨询
  • 我的图书馆
  • 登录
  • 详细信息显示
  • 放入我的书架
  • 预约/预借图书
  • 作者相关作品
  • 分类相关作品
  • 丛书相关作品
  • 出版社相关作品

书目信息

  • 表格格式
  • 工作单格式
  • 卡片格式
题名:
北京绿色物流研究
    
 
作者: 张京敏 , 杨浩雄 编著
分册:  
出版信息: 北京   知识产权出版社  2008.06
页数: 297页
开本: 23cm
丛书名: 现代物流前沿
单 册:
中图分类: F259.271
科图分类:
主题词: 物流--物资管理--无污染技术--研究--北京市 , 物流 , 物资管理 , 无污染技术
电子资源:
ISBN: 978-7-80247-333-1
000 00961oam2 2200301 450
001 012004268998
005 20120628153525.93
010    @a978-7-80247-333-1@dCNY40.00
100    @a20090104d2008 em y0chiy0110 ea
101 0  @achi
102    @aCN@b110000
105    @aak z 000yy
106    @ar
200 1  @a北京绿色物流研究@9bei jing lu^ se wu liu yan jiu@f张京敏,杨浩雄编著
210    @a北京@c知识产权出版社@d2008.06
215    @a297页@c图@d23cm
225 2  @a现代物流前沿
330    @a本书内容包括:绿色物流概述、北京农业与北京绿色物流、北京汽车制造业与北京绿色物流、北京电子产品行业与北京绿色物流等。
461  0 @12001 @a现代物流前沿
606 0  @a物流@x物资管理@x无污染技术@x研究@y北京市
606 0  @a物流
606 0  @a物资管理
606 0  @a无污染技术
690    @aF259.271@v4
701  0 @a张京敏@9zhang jing min@4编著
701  0 @a杨浩雄@9yang hao xiong@4编著
801  0 @aCN@bNLC@c20090104
905    @b541699-702@dF259.271@e181@f4
    
    北京绿色物流研究/张京敏,杨浩雄编著.-北京:知识产权出版社,2008.06
    297页:图;23cm.-(现代物流前沿)
    
    
    ISBN 978-7-80247-333-1:CNY40.00
    本书内容包括:绿色物流概述、北京农业与北京绿色物流、北京汽车制造业与北京绿色物流、北京电子产品行业与北京绿色物流等。
●
相关链接 在E读中查询图书 在五车中查询图书 在当当中查询图书 在豆瓣中查询图书


正题名:北京绿色物流研究     索取号:F259.271/181         预约/预借

序号 登录号 条形码 馆藏地/架位号 状态 备注
1 541699   205416995   第一样本阅览室/ [索取号:F259.271/181] 在馆    
2 541700   205417002   第一借阅区/ [索取号:F259.271/181] 在馆    
3 541701   205417011   密集书库-海洋学院/ [索取号:F259.271/181] 在馆    
4 541702   205417020   第一借阅区/ [索取号:F259.271/181] 在馆    
唐山师范学院图书馆 欢迎您!
大连网信软件有限公司© 版权所有